00225nam a2200085 45000820011000002420032000112450050000432600036000933000010001290 a222.1100bThe story of Jacob and Esau11aỌ'dọ̃ yãkóbõ pi drí esawu trõ  bMadi Literacy Committeecc.1998 a19 p.